A Comp. study of the problems of male and female pubescents. (Record no. 96099)
[ view plain ]
| 000 -LEADER | |
|---|---|
| fixed length control field | 00456nam a2200133 a 4500 |
| 003 - CONTROL NUMBER IDENTIFIER | |
| control field | PILC |
| 005 - DATE AND TIME OF LATEST TRANSACTION | |
| control field | 20150217180736.0 |
| 008 - FIXED-LENGTH DATA ELEMENTS--GENERAL INFORMATION | |
| fixed length control field | 021022s19uu xx 00 eng d |
| 050 ## - LIBRARY OF CONGRESS CALL NUMBER | |
| Classification number | PGS '96 |
| Item number | TAN #3 |
| 100 ## - MAIN ENTRY--PERSONAL NAME | |
| Personal name | Tan, Jaymie Trisha |
| 245 ## - TITLE STATEMENT | |
| Title | A Comp. study of the problems of male and female pubescents. |
| 856 ## - ELECTRONIC LOCATION AND ACCESS | |
| Uniform Resource Identifier | <a href="http://library.southville.edu.ph:8080/jspui/bitstream/123456789/45/1/Mini%20Thesis%20Jaymie%20Trisha%20L.%20Tan.pdf">http://library.southville.edu.ph:8080/jspui/bitstream/123456789/45/1/Mini%20Thesis%20Jaymie%20Trisha%20L.%20Tan.pdf</a> |
| 942 ## - ADDED ENTRY ELEMENTS (KOHA) | |
| Koha item type | PASS |
| Source of classification or shelving scheme | Library of Congress Classification |
| Withdrawn status | Lost status | Damaged status | Home library | Current library | Shelving location | Date acquired | Source of acquisition | Total Checkouts | Full call number | Barcode | Date last seen | Price effective from | Koha item type |
|---|---|---|---|---|---|---|---|---|---|---|---|---|---|
| Luxembourg Library | Luxembourg Library | Portfolio Assessment of SISC Students Section | 11/27/2002 | PGS '96 TAN #3 | P0002 | 04/08/2014 | 04/08/2014 | PASS |